000 02693ngm a2200445 4500
003 dpl
005 2008122906516.0
007 DVD
008 ||||||sp199 xxu|||||c ||| 00| 0 ng d
010 _aDVD-001651-1653 & DVD-005604-5608
024 _aSHE DVD 088
_c169.00
035 _aDVD-001651-1653
035 _aDVD-005604-5608
040 _aDPL
_cDPL
082 _aDVD / CHAS
245 _aDevdas
_cBimal Roy Production Presents
_h[videorecording] DVD/
260 _bShemaroo Video Pvt. Ltd.
300 _a1 videodisc DVD; (154 min.) :
_bsd., col. ;
_c4 3/4 in.
_fDVD
440 _aShemaroo Home Entertainment
500 _aDigitally Re-Mastered From the Original Film
538 _aDolby Digital 5.1 - Hindi Subtitles: English
650 _aMotion Picture
700 _aRoy, Bimal
700 _aBurman, S.D
700 _aDilip Kumar
700 _aVyjayantimala
700 _aSen, Suchitra
700 _aMotilal
942 _cCF
_2ddc
_hDVD
_mDEVD
999 _c20324
_d20324